00293nam a2200121Ia 45000030006000000080041000060400015000471000054000622450017001162600009001335460012001420050017001540STCL150530s9999 xx 000 0 und d aSTCLcSTCL aSwanson Carl, P.; Merz Timothy; Young William, J. aCytogenetics c1988 aEnglish20220125170435.0